Las figuras bartheanas y el discurso amoroso en Estación de Fiebrede Ana Istarú

Gespeichert in:
Bibliographische Detailangaben
1. Verfasser: Montero Bolaños, María Gabriela
Format: Buch
Sprache:Undetermined
Veröffentlicht: San José, Costa Rica Universidad de Costa Rica, Escuela de Filología, Lingüística y Literatura 1998
Schlagworte:
Tags: Tag hinzufügen
Keine Tags, Fügen Sie den ersten Tag hinzu!

MARC

LEADER 00000nam a2200000Ia 4500
008 170316s9999 xx 000 0 und d
040 |a cru BVZT 
090 |a Tesis 601 
100 |a Montero Bolaños, María Gabriela 
245 |a Las figuras bartheanas y el discurso amoroso en Estación de Fiebrede Ana Istarú 
260 |a San José, Costa Rica 
260 |b Universidad de Costa Rica, Escuela de Filología, Lingüística y Literatura 
260 |c 1998 
300 |a 141 páginas 
650 |a LICENCIATURA EN FILOLOGÍA ESPAÑOLA 
650 |a TRABAJO FINAL DE GRADUACIÓN 
999 |c 14253  |d 14253 
942 |c TFG  |h Tesis 601  |2 z